000 00640nam a2200181 a 4500
001 000032599
005 20230519124858.0
008 110719s1975 000 spa d
040 _aDO-SdBNP
_bspa
_cBNPHU
040 _aDO-SdBNP
082 _axx
_bxx
100 1 _aHeredia B., Miguel A.
_950040
245 1 0 _aRecursos humanos, política de empleo y población en República Dominicana /
_cMiguel A. Heredia B., Vivían Mota.
260 _aSanto Domingo, Republica Dominicana :
_bAsociación Dominicana Probienstar de la Familia,
_c1975.
300 _a]38[p. ;
_c21 cm.
590 _aInventariado, 2019/VM
700 1 _aMota, Vivían
_958514
999 _c32090
_d32090